| 000 | 00932cam a22002533a 4500 | ||
|---|---|---|---|
| 001 | 7028 | ||
| 003 | PGUSA | ||
| 005 | 20140828083139.0 | ||
| 008 | 041201s2004||||xxu|||||s|||||000 | eng d | ||
| 040 |
_aPGUSA _beng |
||
| 042 | _adc | ||
| 050 | 4 | _aPR | |
| 100 | 1 |
_aWodehouse, P. G. _q(Pelham Grenville), _d1881-1975 |
|
| 245 | 1 | 4 |
_aThe Clicking of Cuthbert _h[electronic resource] / _cP. G. Wodehouse |
| 260 |
_bProject Gutenberg, _c2004 |
||
| 505 | 0 | _aFore! -- The Clicking of Cuthbert -- A Woman is Only a Woman -- A Mixed Threesome -- Sundered Hearts -- The Salvation of George Mackintosh -- Ordeal by Golf -- The Long Hole -- The Heel of Achilles -- The Rough Stuff -- The Coming of Gowf. | |
| 506 | _aPublic domain in the USA. | ||
| 516 | _aElectronic text | ||
| 653 | _aHumorous stories | ||
| 653 | _aGolf stories | ||
| 830 | 0 |
_aProject Gutenberg _v7028 |
|
| 856 | 4 | 0 | _uhttp://www.gutenberg.org/ebooks/7028 |
| 942 | _cEB | ||
| 999 |
_c236348 _d236348 |
||